000
00289 a2200133 4500
999
_c
325902
_d
325902
001
90829
003
NUST
082
_a
813.6 MEA
100
_a
Richelle Mead
_9
9901
245
_a
The Golden City
_c
Richelle Mead
_h
English
250
_a
1st
260
_c
2012
300
_a
418p
942
_a
CAE NUST
_c
BK
_k
813.6 MEA
_2
ddc